Guess the Piece of Classical Music! - Statistics

General Stats
  • This quiz has been taken 91 times
  • The average score is 7 of 16
Answer Stats
Picture Answer % Correct
Beethoven Symphony No. 5
76%
Haydn Symphony No. 94 Surprise
65%
Vivaldi Violin concerto in F MinorWinter
65%
Bach Orchestral Suite 3 Air on the G String
56%
Grieg Piano Concerto
56%
Stravinsky Rite of Spring
51%
Puccini Turandot
45%
Saint Saens Carnival of the Animals The Swan
45%
Tchaikovsky Swan Lake
45%
Mozart Symphony No. 41 Jupiter
34%
Bizet Carmen
33%
Mahler Symphony No. 5
31%
Pachelbel Canon in D
29%
Schubert Symphony No. 8 Unfinished
26%
Rachmaninoff Vocalise
16%
Rimsky Korsakov Scheherezade IV. The Sea and Sinbad's Ship
11%
No matching quizzes found
Score Distribution
Percent of People with Each Score
Percentile by Number Answered
Your Score History
You have not taken this quiz